00719nam a2200253 a 4500001001300000003000900013005001700022008004100039020002300080082001700103100001800120245002700138260003200165300000800197500003500205505001000240650002900250650002000279700001800299902000800317942000700325952011800332999001500450nice12345678IN_TiNIC20260116012735.0050524s1991 dela grp 000 0 eng  a0670262 c12500a291.422bKAK aKakar, Sudhir aAnalyst and the Mystic aDelhibPenguin Books c1991 a92p aincludes index and biblioraphy2 aindex aMysticism-Psychoanalysis aSri Ramakrishna1 aKakar, Sudhir bSRS cBK 001040708StackRoom-aHMIbHMId2007-07-19g125.00l0o291.422 KAKp014437r2007-07-19v125.00w2005-05-24yBK c8182d8182